Which State Is This College In? - Statistics

General Stats
  • This quiz has been taken 67 times
  • The average score is 13 of 15
Answer Stats
College/University State % Correct
Southern Methodist (SMU) Texas
97%
Boise State Idaho
95%
Tulsa Oklahoma
95%
Duke North Carolina
92%
Clemson South Carolina
92%
BYU Utah
92%
Vanderbilt Tennessee
88%
Wichita State Kansas
86%
Tulane Louisiana
83%
Navy Maryland
83%
Xavier Ohio
81%
Gonzaga Washington
78%
Marshall West Virginia
75%
Marquette Wisconsin
75%
Drake Iowa
73%
No matching quizzes found
Score Distribution
Percent of People with Each Score
Percentile by Number Answered
Your Score History
You have not taken this quiz